[Event "Novi Sad TS Mix 236th"]
[Site "Novi Sad"]
[Date "2022.02.09"]
[Round "3.1"]
[White "Haznedaroglu, Meltem"]
[Black "Cansu, Batuhan"]
[Result "0-1"]
[WhiteElo "1811"]
[BlackElo "2009"]
[PlyCount "78"]
[EventDate "2022.02.08"]
[EventType "schev"]
[EventRounds "9"]
[EventCountry "SRB"]
[SourceTitle "CBM 207 Extra"]
[Source "ChessBase"]
[SourceDate "2022.05.31"]
[SourceVersion "1"]
[SourceVersionDate "2022.05.31"]
[SourceQuality "1"]
[WhiteTeam "Team A"]
[BlackTeam "Team B"]
[WhiteTeamCountry "SRB"]
[BlackTeamCountry "SRB"]

1. c4 Nf6 2. Nc3 d5 3. cxd5 Nxd5 4. g3 c5 5. Bg2 Nc7 6. Nf3 Nc6 7. d3 e5 8. 0-0 Be7 9. Be3 Bd7 10. Rc1 0-0 11. Nd2 b6 12. Nd5 Nxd5 13. Bxd5 Rc8 14. Bg2 Be6 15. a3 Qd7 16. Re1 Rfd8 17. Nf3 f6 18. Qa4 h6 19. Bd2 Nd4 20. Qxd7 Rxd7 21. Nxd4 Rxd4 22. Bc3 Rdd8 23. b4 Rc7 24. bxc5 Bxc5 25. Bb4 Rdc8 26. Bxc5 Rxc5 27. Rxc5 Rxc5 28. f4 Kf7 29. Kf2 Ra5 30. Ra1 b5 31. Bc6 b4 32. a4 Rc5 33. Bb5 Rc2 34. Rb1 a5 35. Kf3 Ke7 36. h4 Ba2 37. Re1 b3 38. Bc4 Rxc4 39. dxc4 b2 0-1